The psychology of exceptional children/ (Record no. 938)
[ view plain ]
| 000 -LEADER | |
|---|---|
| fixed length control field | 00600nam a2200217 a 4500 |
| 005 - DATE AND TIME OF LATEST TRANSACTION | |
| control field | 20260322212040.0 |
| 008 - FIXED-LENGTH DATA ELEMENTS--GENERAL INFORMATION | |
| fixed length control field | data |
| 010 ## - LIBRARY OF CONGRESS CONTROL NUMBER | |
| LC control number | 65-21809 |
| 090 ## - LOCALLY ASSIGNED LC-TYPE CALL NUMBER (OCLC); LOCAL CALL NUMBER (RLIN) | |
| Classification number (OCLC) (R) ; Classification number, CALL (RLIN) (NR) | LC 3965 G193p 1965 |
| 001 - CONTROL NUMBER | |
| control field | data |
| 100 1# - MAIN ENTRY--PERSONAL NAME | |
| Personal name | Garrison, Karl Claudius, |
| Dates associated with a name | 1900- |
| 245 14 - TITLE STATEMENT | |
| Title | The psychology of exceptional children/ |
| Statement of responsibility, etc. | Karl Claudius Garrison & Dewey G. Force. |
| 250 ## - EDITION STATEMENT | |
| Edition statement | 4th edit. |
| 260 ## - PUBLICATION, DISTRIBUTION, ETC. | |
| Place of publication, distribution, etc. | New York |
| Name of publisher, distributor, etc. | Ronald Press Co. |
| Date of publication, distribution, etc. | c1965 |
| 300 ## - PHYSICAL DESCRIPTION | |
| Extent | vi, 571 p. ; |
| Dimensions | illus. |
| 500 ## - GENERAL NOTE | |
| General note | Includes bibliographies. |
| 650 02 - SUBJECT ADDED ENTRY--TOPICAL TERM | |
| Topical term or geographic name entry element | Child Psychology |
| 650 02 - SUBJECT ADDED ENTRY--TOPICAL TERM | |
| Topical term or geographic name entry element | Disabled Persons |
| 650 02 - SUBJECT ADDED ENTRY--TOPICAL TERM | |
| Topical term or geographic name entry element | Education |
| 700 1# - ADDED ENTRY--PERSONAL NAME | |
| Personal name | Force, Dewey G. |
| Withdrawn status | Lost status | Damaged status | Not for loan | Home library | Current library | Shelving location | Date acquired | Total checkouts | Full call number | Barcode | Date last seen | Price effective from | Koha item type |
|---|---|---|---|---|---|---|---|---|---|---|---|---|---|
| Centerville | Centerville | General stacks | 22/03/2026 | GEN | BC0010970 | 22/03/2026 | 22/03/2026 | Books |